History in the remaking (Record no. 76507)

MARC details
000 -LEADER
fixed length control field 01040cab a2200217 4500
001 - CONTROL NUMBER
control field ##L132584
008 - FIXED-LENGTH DATA ELEMENTS--GENERAL INFORMATION
fixed length control field 060221n2006 000 0 eng u
035 ## - SYSTEM CONTROL NUMBER
System control number (Sirsi) u132584
041 0# - LANGUAGE CODE
Language code of text/sound track or separate title eng
100 1# - MAIN ENTRY--PERSONAL NAME
Personal name Jansen, Mark
245 00 - TITLE STATEMENT
Title History in the remaking
260 ## - PUBLICATION, DISTRIBUTION, ETC.
Date of publication, distribution, etc. 2006
490 #0 - SERIES STATEMENT
Series statement Property Week
Volume/sequential designation 71(7) 17 February 2006, 60-61(2)
520 ## - SUMMARY, ETC.
Summary, etc. In a quest to shake off its reputation as a hindrance to development, English Heritage is to launch a guide to using historic buildings in regeneration projects. "Heritage works: the use of historic buildings in regeneration" offers advice to owners and developers refurbishing or converting a listed building for the first time. Endorsed by RICS and the British Property Federation, it is hoped that the guide will encourage developers to contact English Heritage in the initial stages of seeking advice.
590 ## - LOCAL NOTE (RLIN)
Local note IKA280206
650 24 - SUBJECT ADDED ENTRY--TOPICAL TERM
Topical term or geographic name entry element ENGLISH HERITAGE
650 24 - SUBJECT ADDED ENTRY--TOPICAL TERM
Topical term or geographic name entry element ABOUT RICS
650 24 - SUBJECT ADDED ENTRY--TOPICAL TERM
Topical term or geographic name entry element BPF
690 ## - LOCAL SUBJECT ADDED ENTRY--TOPICAL TERM (OCLC, RLIN)
Topical term or geographic name as entry element PROPERTY-PROPERTY MANAGEMENT-REGENERATION
942 ## - ADDED ENTRY ELEMENTS (KOHA)
Suppress in OPAC 0
Holdings
Withdrawn status Lost status Source of classification or shelving scheme Damaged status Not for loan Home library Current library Shelving location Date acquired Total Checkouts Full call number Barcode Date last seen Copy number Price effective from Koha item type
    Dewey Decimal Classification     London London Journal article 21/02/2006   L132584 132584-1001 06/08/2019 1 06/08/2019 Journal article